Business law in the European Union

Saved in:
Bibliographic Details
Main Author: Bovis, Christopher
Format: Book
Language:English
Published: London : Sweet & Maxwell, 1997
Subjects:
Tags: Add Tag
No Tags, Be the first to tag this record!

MARC

LEADER 00000cam a2200000 i 4500
001 1/64325
008 980805s1997 eng d
020 |a 0421560401 
035 |l 10029407 
040 |a GR-MY-UA  |b gre  |e aacr 
041 0 |a eng 
082 0 |a 341.2422 
100 1 |a Bovis, Christopher. 
245 1 0 |a Business law in the European Union /  |c Christopher Bovis 
260 |a London :   |b Sweet & Maxwell,   |c 1997 
300 |a xxxi, 190 p. 
504 |a Includes index 
651 0 |a Europe  |x Economic integration. 
852 |a INST  |b CHIOS  |e 19980805  |h 341.2422 BOV  |p 005200015962  |q 005200015962  |t BK  |y 0 
901 |a BIBL-1998-2 
909 |a Χ  |b 058215 
922 |a 2ΕΛΗ  |b 199806  |c ΤΔΕ  |d ΠΑΠΑΣΩΤΗΡΙΟΥ